000 00281nam a2200109Ia 4500
008 200302s9999 xx 000 0 und d
100 _aAlbert Jackson & Others
245 _aComplete Wood Worker's Manual
260 _bHarper Collins Publishers
260 _c1989
300 _a320 P.,
999 _c1255
_d1255